000 00264nam a2200097Ia 4500
082 _aT 331.702 SANN
245 0 _aHomeland security officer
100 _a SANNA, Ellyn Broomall, Pa., 2003
_966852
942 _cBK
008 210817s9999 xx 000 0 und d
999 _c214802
_d214801